Szczegóły MARC21

Aspekte : Mittelstufe Deutsch : Lehrbuch 2 /

003 -Nazwa inst., której nr kontr. jest w polu 001 [,]
    • @
    • Nazwa instytucji, której n kontrolny jest w polu 001
    • NUKAT
005 -DATA I CZAS OSTATNIEJ MODYFIKACJI [,]
    • @
    • pole kontrolne
    • 20241231101406.0
020 -Międzynarod. znormalizowany nr książki - ISBN [ , ]
    • a
    • Numer ISBN
    • 9783468474811 Find
    • q
    • Dopowiedzenie
    • książka
020 -Międzynarod. znormalizowany nr książki - ISBN [ , ]
    • a
    • Numer ISBN
    • 9783468474842 Find
    • q
    • Dopowiedzenie
    • książka + DVD
020 -Międzynarod. znormalizowany nr książki - ISBN [ , ]
    • a
    • Numer ISBN
    • 9783468474859 Find
    • q
    • Dopowiedzenie
    • płyta DVD
040 -Instytucja sporządzająca opis [ , ]
    • a
    • Instytucja, która sporządziła opis (NP)
    • BYDG 24/ew
    • c
    • Instytucja, która sporządziła rekord (NP)
    • BYDG 24/ew
    • d
    • Instytucja, która zmodyfikowała rekord (P)
    • BYDG 24/MM
    • d
    • Instytucja, która zmodyfikowała rekord (P)
    • BYDG 24/MSzs
    • d
    • Instytucja, która zmodyfikowała rekord (P)
    • WR U/dl
    • d
    • Instytucja, która zmodyfikowała rekord (P)
    • BYDG 24/AD
942 -Rodzaj dokumentu [ , ]
    • c
    • Rodzaj dokumentu
    • Książka
245 -Strefa tytułu i oznaczenia odpowiedzialności [0,0]
    • a
    • Tytuł
    • Aspekte : Find
    • b
    • Ciąg dalszy tytułu (NP)
    • Mittelstufe Deutsch : Lehrbuch 2 / Find
    • c
    • Pozostałe elementy strefy tytułu i oznaczenia odpowiedzialności (NP)
    • von Ute Koithan [et al.] ; Filmseiten von Ralf-Peter Lösche.
260 -Strefa adresu wydawniczego [ , ]
    • a
    • Miejsce wydania (P)
    • Berlin [etc.] :
    • b
    • Nazwa wydawcy (P)
    • Langenscheidt,
    • c
    • Data wydania (P)
    • cop. 2008.
300 -Strefa opisu fizycznego [ , ]
    • a
    • Określenie formy książki i/lub objętość (NP)
    • 199 s. :
    • b
    • Oznaczenie ilustracji (NP)
    • il. ;
    • c
    • Format (NP)
    • 28 cm +
    • e
    • Oznaczenie dokumentu towarzyszącego (NP)
    • 1 płyta DVD.
336 -Typ zawartości [ , ]
    • a
    • Termin opisujący typ zawartości
    • Tekst
    • b
    • Kod określający zawartość
    • txt
    • 2
    • Źródło (terminu i kodu)
    • rdacontent
337 -Typ mediów [ , ]
    • a
    • Tryb odtwarzania
    • Bez urządzenia pośredniczącego
    • b
    • Kod typu mediów
    • n
    • 2
    • Źródło (terminu i kodu)
    • rdamedia
338 -Typ/rodzaj nośnika [ , ]
    • a
    • Hasło opisujące typ nośnika
    • Wolumin
    • b
    • Kod typu nośnika
    • nc
    • 2
    • Źródło (terminu i kodu)
    • rdacarrier
500 -Uwaga ogólna [ , ]
    • a
    • Uwaga ogólna (NP)
    • Na okł.: "Niveau B2".
500 -Uwaga ogólna [ , ]
    • a
    • Uwaga ogólna (NP)
    • Do podręcznika dołączane są również 3 płyty kompaktowe (CD) w 2 pojemnikach.
500 -Uwaga ogólna [ , ]
    • a
    • Uwaga ogólna (NP)
    • W części nakładu występują 2 CD-audio dołaczone do książki.
080 -Uniwersalna Klasyfikacja Dziesiętna [ , ]
    • 2
    • Identyfikator wydania tablic
    • UDC-P022
    • 9
    • UKD
    • 8671
    • a
    • Symbol klasyfikacji
    • 811.112.2'24
    • b
    • Dopowiedzenie
    • Język niemiecki. - Praktyczna znajomość języków.
    • 4
    • UKD2
    • 9118
    • x
    • Poddział wspólny
    • (078)
    • c
    • Dopowiedzenie poddz. wspólnego
    • (Dokumenty przeznaczone do nauczania. Rozmówki).
    • 4
    • UKD2
    • 7631
    • x
    • Poddział wspólny
    • =112.2
    • c
    • Dopowiedzenie poddz. wspólnego
    • =Język niemiecki (wysokoniemiecki, standardowy niemiecki).
650 -Hasło przedmiotowe [ ,7]
    • a
    • Hasło przedmiotowe
    • Język niemiecki
    • v
    • Określnik formalny
    • podręczniki dla obcojęzycznych.
    • 2
    • Źródło terminu
    • kaba
    • 9
    • KHW
    • 360973
980 -Symbol UKD [ , ]
    • a
    • UKD
    • 811.112.2'24(078)=112.2
700 -Hasło dodatkowe - nazwa osobowa [1, ]
    • a
    • Nazwa osobowa (NP)
    • Koithan, Ute. Find
    • 9
    • KHW
    • 40536
700 -Hasło dodatkowe - nazwa osobowa [1, ]
    • a
    • Nazwa osobowa (NP)
    • Lösche, Ralf-Peter. Find
    • 9
    • KHW
    • 631473
920 -ISBN [ , ]
    • a
    • ISBN
    • 978-3-468-47481-1 Find
    • q
    • Dopowiedzenie
    • książka
920 -ISBN [ , ]
    • a
    • ISBN
    • 978-3-468-47484-2 Find
    • q
    • Dopowiedzenie
    • książka + DVD
920 -ISBN [ , ]
    • a
    • ISBN
    • 978-3-468-47485-9 Find
    • q
    • Dopowiedzenie
    • płyta DVD
Status udost. Numer inwentarzowy Lokalizacja Data inwentaryzacji Sygnatura
-3BC.6841BM2012-03-01Germ. Nauka jęz.-podręczniki 17